000 00514nam a22001697a 4500
003 PILC
005 20160309182438.0
008 160309b xxu||||| |||| 00| 0 eng d
020 _a9781511794022
050 _aPL 1126
_b.C539 2015
110 _aGetaway Guides.
245 _aChinese for beginners :
_bthe best handbook for learning to speak chinese /
_cGetaway guides.
250 _a2nd edition.
300 _a73 pages ;
_c23 cm.
500 _aIncludes bibliographical references and index.
942 _2lcc
_cBK
999 _c291535
_d291535